| 000 | 00900cam a2200217 4500 | ||
|---|---|---|---|
| 001 | WB3834-02 | ||
| 008 | 020916n2002 000 0 eng u | ||
| 035 | _a(Sirsi) u119688 | ||
| 245 | _aArchitects may be liable for terrorism | ||
| 260 | _c2002 | ||
| 490 |
_aBuilding Design _v(1547) 13 September 2002, 1(1) |
||
| 520 | _aExperts at RIBA's conference "Designing out terrorism" have warned architects that they could be liable for deaths, injuries and damage to buildings resulting from terrorist attacks. Architects have called for new anti-terrorist building standards to clarify what they should do to prevent design errors. RIBA at www.architecture.com | ||
| 590 | _aWB | ||
| 650 | _aBUILT ENVIRONMENT-CONSTRUCTION DESIGN | ||
| 650 | _aLIABILITY | ||
| 650 | _aTERRORISM | ||
| 650 | _aRIBA | ||
| 650 | _aARCHITECTS | ||
| 690 | _aBUILT ENVIRONMENT-CONSTRUCTION DESIGN | ||
| 942 | _n0 | ||
| 999 |
_c71151 _d71151 |
||